000
00318nam a22001337a 4500
020
_a
978-93-85916-62-5
082
_a
823
_b
OSC/R
100
_a
WILDE, OSCAR
245
_a
THE REMARKABLE ROCKET
260
_a
THRISSUR
_b
H & C PUBLISHING HOUSE
_c
2016
300
_a
24
650
_a
CHILDRENS STORY BOOK
_z
INDIA
942
_c
BK
999
_c
7066
_d
7066